| 000 | 00598nam a2200193 4500 | ||
|---|---|---|---|
| 001 | 15646 | ||
| 010 | _a9789896921545 | ||
| 021 | _b459644/19 | ||
| 090 | _a15646 | ||
| 100 | _a20200609d2019 m y0pory50030103ba | ||
| 200 | 1 |
_aCozinha vegetariana rápida e prática _fGabriela Oliveira |
|
| 205 | _a1ª ed. | ||
| 210 | 9 |
_a[S.l.] _cArteplural, _d2019 |
|
| 215 |
_a228, [4] p. _cil. _d24 cm |
||
| 675 |
_a641.56(083.1) _vBN _zpor |
||
| 700 | 1 |
_aOliveira, _bGabriela, _f1975- |
|
| 801 | 0 |
_aPT _bBN _gRPC |
|
| 856 | 4 | 1 | _uhttp://rnod.bnportugal.gov.pt/ImagesBN/winlibimg.aspx?skey=&doc=2047511&img=138886&save=true |
| 990 | _cLIVROS | ||